|
|
|
|
| LEADER |
01454nam a2200301 a 4500 |
| 001 |
GR-Patra13769 |
| 008 |
990521s2000 gr e b 001 b eng d |
| 020 |
|
|
|a 0849318068
|
| 044 |
|
|
|b fl
|
| 050 |
|
|
|a TC174
|b .L37 2000
|
| 082 |
|
0 |
|a 621.8672
|2 21
|
| 245 |
0 |
0 |
|a Hydraulics of pipeline systems /
|c Bruce E. Larock, Roland W. Jeppson, Gary Z. Watters.
|
| 260 |
|
|
|a Boca Raton, FL :
|b CRC Press,
|c c2000
|
| 300 |
|
|
|a 537 σ. :
|b εικ. +
|e 1 computer optical disc
|
| 504 |
|
|
|a Περιλαμβάνει βιβλιογραφίες και ευρετήριο.
|
| 650 |
|
0 |
|a ENGINEERING
|
| 650 |
|
0 |
|a HYDRAULICS
|
| 650 |
|
0 |
|a Pipe
|x Hydrodynamics
|
| 650 |
|
0 |
|a PIPELINES
|
| 700 |
1 |
|
|a Jeppson, Roland W.
|
| 700 |
1 |
|
|a Larock, Bruce E.,
|d 1940-
|
| 700 |
1 |
|
|a Watters, Gary Z.
|
| 942 |
|
|
|2 ddc
|
| 952 |
|
|
|0 0
|1 0
|2 ddc
|4 0
|6 621_867200000000000_LAR
|7 0
|9 292803
|a LISK
|b LISK
|c BSC
|d 2021-01-17
|e 24
|f 1
|g 0.00
|l 0
|o 621.8672 LAR
|p 92410016459
|r 2021-01-17 00:00:00
|t 1
|w 2021-01-17
|y BK15
|x 20001018 0 1
|x GrPaTEI
|
| 952 |
|
|
|0 0
|1 0
|2 ddc
|4 0
|6 621_867200000000000_LAR
|7 0
|9 292804
|a LISK
|b LISK
|c BSC
|d 2021-01-17
|e 24
|f 0
|g 0.00
|l 0
|o 621.8672 LAR
|p 92410030044
|r 2021-01-17 00:00:00
|t 1
|w 2021-01-17
|y BK15
|x 20061019 0 1
|x GrPaTEI
|
| 952 |
|
|
|0 0
|1 0
|2 ddc
|4 0
|6 621_867200000000000_LAR
|7 1
|9 292805
|a LISK
|b LISK
|c BSC
|d 2021-01-17
|e 24
|f 0
|g 0.00
|l 0
|o 621.8672 LAR
|p 92410028826
|r 2021-01-17 00:00:00
|t 1
|w 2021-01-17
|y BKN
|x 20060901 0 0
|x GrPaTEI
|
| 971 |
|
|
|a .b26612847
|b 15-04-20
|c 23-09-16
|
| 999 |
|
|
|c 171136
|d 171136
|